Structure and properties of alloys; (Record no. 548521)
[ view plain ]
| 000 -LEADER | |
|---|---|
| fixed length control field | 00706cam a2200193 4500 |
| 082 ## - DEWEY DECIMAL CLASSIFICATION NUMBER | |
| Classification number | 669 |
| Author Mark | BRI |
| -- | L-17, P-51 |
| 100 1# - MAIN ENTRY--PERSONAL NAME | |
| Personal name | Brick, R. M. |
| 9 (RLIN) | 44866 |
| 245 00 - TITLE STATEMENT | |
| Title | Structure and properties of alloys; |
| Remainder of title | the application of phase diagrams to the interpretation and control of industrial alloy structures, |
| Statement of responsibility, etc. | by R.M. Brick and Arthur Phillips. |
| 250 ## - EDITION STATEMENT | |
| Edition statement | 2d ed. |
| 260 ## - PUBLICATION, DISTRIBUTION, ETC. | |
| Place of publication, distribution, etc. | New York, |
| Name of publisher, distributor, etc. | McGraw-Hill Book Co., |
| Date of publication, distribution, etc. | 1949. |
| 300 ## - PHYSICAL DESCRIPTION | |
| Extent | xix, 485 p. |
| Other physical details | illus. |
| Dimensions | 24 cm. |
| 490 1# - SERIES STATEMENT | |
| Series statement | Metallurgy and metallurgical engineering series |
| 526 ## - STUDY PROGRAM INFORMATION NOTE | |
| Program name | 0 |
| Interest level | 0 |
| Reading level | 0 |
| Title point value | 669_000000000000000_BRI |
| 650 #0 - SUBJECT ADDED ENTRY--TOPICAL TERM | |
| Topical term or geographic name entry element | Alloys. |
| 9 (RLIN) | 44867 |
| 650 #0 - SUBJECT ADDED ENTRY--TOPICAL TERM | |
| Topical term or geographic name entry element | MCE |
| 9 (RLIN) | 379 |
| 650 #0 - SUBJECT ADDED ENTRY--TOPICAL TERM | |
| Topical term or geographic name entry element | Steel. |
| 9 (RLIN) | 44868 |
| 700 1# - ADDED ENTRY--PERSONAL NAME | |
| Personal name | Phillips, Arthur, |
| 9 (RLIN) | 44869 |
| 942 ## - ADDED ENTRY ELEMENTS (KOHA) | |
| Source of classification or shelving scheme | |
| Koha item type | Book |
| Withdrawn status | Lost status | Source of classification or shelving scheme | Damaged status | Not for loan | Permanent Location | Current Location | Date acquired | Total Checkouts | Full call number | Barcode | Date last seen | Price effective from | Koha item type |
|---|---|---|---|---|---|---|---|---|---|---|---|---|---|
| Military College of Engineering (MCE) | Military College of Engineering (MCE) | 08/29/2014 | 669 BRI | MCE-40212 | 08/29/2014 | 08/29/2014 | Book |
